| 000 | 00378nam a2200145Ia 4500 | ||
|---|---|---|---|
| 008 | 211109s9999||||xx |||||||||||||| ||und|| | ||
| 082 |
_a894.812 _bPAU-N |
||
| 100 | _aPaul, M P | ||
| 245 | 0 | _aNovel Sahithyam | |
| 260 |
_bPoorna _aCalicut _c1930 |
||
| 300 | _a189p. | ||
| 630 | _xGeneral stack | ||
| 650 |
_aMALAYALAM LITERATURE _vMALAYALAM POETRYMalayalam189p. |
||
| 942 | _cBOOK | ||
| 999 |
_c52181 _d52181 |
||